00552nam a2200181Ia 4500008004100000020001800041041000800059082001700067100002100084245008500105250001200190260003400202300002800236365001600264700002100280906005000301999001900351230714s9999 xx 000 0 und d a9790000000000 aeng a345.064bCAS aCasey E.9196550 aDigital Evidence And Computer CrimebForensic Science, Computer And The Internet a3rd ed. c2014bAcademic Press/Elsevier a807dRef 1544 C (48698) cRs.b625.00 aCasey E.9196550 dO:0406507-Aug-2014B:7430-Jul-2014cCOMPb3575 c213237d213237